| 000 | 01493nas a2200445 i 4500 | ||
|---|---|---|---|
| 001 | 196137 | ||
| 003 | ES-MaACL | ||
| 005 | 20250827040057.0 | ||
| 006 | m g d | | ||
| 007 | cr | ||
| 008 | 240814c20009999sp b||pso|||||||||b0spa | ||
| 010 |
_ac _b1 |
||
| 022 | 0 |
_2_u _a1695-6516 _l1695-6508 |
|
| 035 | _a(ISSN)16956516 | ||
| 035 | _a(OCoLC)733129924 | ||
| 035 | _a(SpMaBN)a4707989 | ||
| 035 | _a991021121949708606 | ||
| 040 |
_aSpMaBN _bspa _cSpMaBN _erdc _dES-MaACL |
||
| 080 | _a347.961(460) | ||
| 210 | 0 |
_aEscr. pública _bInternet |
|
| 222 | 0 |
_aEscritura pública _bInternet |
|
| 245 | 0 | 0 | _aEscritura pública |
| 260 |
_aMadrid : _bConsejo General del Notariado, _c2000- |
||
| 310 | _aBimestral | ||
| 336 |
_aTexto (visual) _2rdacontent |
||
| 337 |
_aelectrónico _2rdamedia |
||
| 338 |
_2rdacarrier _avolumen |
||
| 362 | 1 | _aLa edición impresa comenzó en 2000 | |
| 500 | _aÙltima consulta, 14 de agosto de 2024 | ||
| 650 | 4 |
_aDerecho notarial- _zEspaña _911745 |
|
| 655 | 0 |
_aRevistas electrónicas _2tgfbne _9226718 |
|
| 655 | 0 |
_aPáginas Web _2tgfbne _9226719 |
|
| 710 | 2 |
_aJunta de Decanos de los Colegios Notariales de España _95388 |
|
| 776 | 0 | 8 |
_iVersión impresa _tEscritura pública (Ed. impresa) = _xISSN 1695-6508 _0196138 _w196138 |
| 856 | 4 | 0 |
_uhttps://escriturapublica.es/ _yAcceso electrónico |
| 942 |
_2udc _n0 _cREV_E |
||
| 955 | _bPilar Fernández Vera | ||
| 956 | _a1 | ||
| 999 |
_c196137 _d196137 |
||